| Tag |
First Indicator |
Second Indicator |
Subfields |
| LEADER |
00000cam a2200000 a 4500 |
| 001 |
in00000025907 |
| 005 |
20151007054521.0 |
| 008 |
870617s1987 mau j 00011 eng |
| 010 |
|
|
|a 87016994
|
| 020 |
|
|
|a 0395430801
|
| 035 |
|
|
|a (OCoLC)16131928
|
| 035 |
|
|
|9 AAB5308AM
|
| 040 |
|
|
|a DLC
|c DLC
|d TXA
|d UtOrBLW
|
| 049 |
|
|
|a [Curr Col] TXAM
|c [A11085785]
|
| 050 |
0 |
0 |
|a PZ7.M22434
|b Mac 1987
|
| 082 |
0 |
|
|a [Fic]
|2 19
|
| 100 |
1 |
|
|a MacLean, John,
|d 1945-
|
| 245 |
1 |
0 |
|a Mac /
|c John MacLean.
|
| 264 |
|
1 |
|a Boston :
|b Houghton Mifflin,
|c 1987.
|
| 300 |
|
|
|a 175 pages ;
|c 22 cm.
|
| 336 |
|
|
|a text
|b txt
|2 rdacontent
|
| 337 |
|
|
|a unmediated
|b n
|2 rdamedia
|
| 338 |
|
|
|a volume
|b nc
|2 rdacarrier
|
| 520 |
|
|
|a Fifteen-year-old Mac's personality undergoes a sudden change as he tries to come to terms with the trauma of being sexually abused by a doctor during a physical examination.
|
| 650 |
|
1 |
|a Child sexual abuse
|x Fiction.
|
| 650 |
|
1 |
|a Emotional problems
|x Fiction.
|
| 650 |
|
1 |
|a High schools
|x Fiction.
|
| 650 |
|
1 |
|a Schools
|x Fiction.
|
| 999 |
|
|
|a MARS
|
| 999 |
f |
f |
|s 8bdaed42-f834-39e7-a2f9-6d7737b34fe9
|i b4dc88f9-284b-3191-98b2-613f5d491dd1
|t 0
|
| 952 |
f |
f |
|p normal
|a Texas A&M University
|b College Station
|c Sterling C. Evans Library
|d Evans: Curriculum Collection (4th floor)
|t 0
|e PZ7.M22434 Mac 1987
|h Library of Congress classification
|i unmediated -- volume
|m A14811085785
|
| 998 |
f |
f |
|a PZ7.M22434 Mac 1987
|t 0
|l Evans: Curriculum Collection (4th floor)
|